书目信息 |
| 题名: |
中国道路的新起点
|
|
| 作者: | 贾建芳 , 李玉洁 编著 | |
| 分册: | ||
| 出版信息: | 郑州 河南人民出版社 2003.01 |
|
| 页数: | 31页 | |
| 开本: | 20cm | |
| 丛书名: | ||
| 单 册: | ||
| 中图分类: | I25 | |
| 科图分类: | ||
| 主题词: | 报告文学--中国 , 传记文学--中国 | |
| 电子资源: | ||
| ISBN: | 7-215-08275-X | |
| 000 | 00849nam0 2200229 450 | |
| 001 | 1335748219 | |
| 005 | 20131121103148.96 | |
| 010 | @a7-215-08275-X@dCNY2.00 | |
| 100 | @a20131105d2003 km y0chiy0120 ea | |
| 101 | 0 | @achi |
| 102 | @aCN@b410000 | |
| 200 | 1 | @a中国道路的新起点@Azhong guo dao lu de xin qi dian@e学习中国共产党第十八次全国代表大会精神@f贾建芳 ,李玉洁编著@Fjia jian fang,li yu jie bian zhu |
| 210 | @a郑州@c河南人民出版社@d2003.01 | |
| 215 | @a31页@d20cm | |
| 517 | 1 | @a学习中国共产党第十八次全国代表大会精神@Axue xi zhong guo gong chan dang di shi ba ci quan guo dai biao da hui jing shen |
| 606 | 0 | @a报告文学@x中国 |
| 606 | 0 | @a传记文学@x中国 |
| 690 | @aI25@v4 | |
| 701 | 0 | @a贾建芳@Ajia jian fang@4编著 |
| 701 | 0 | @a李玉洁@Ali yu jie@4编著 |
| 801 | 0 | @aCN@b大连网信软件有限公司图书馆·11@c20131121 |
| 905 | @aZUCC@dI25@eJ240 | |
| 中国道路的新起点:学习中国共产党第十八次全国代表大会精神/贾建芳 ,李玉洁编著.-郑州:河南人民出版社,2003.01 |
| 31页;20cm |
| ISBN 7-215-08275-X:CNY2.00 |
| ● |
| 相关链接 |
|
|
|
正题名:中国道路的新起点
索取号:I25/J240
 
预约/预借
| 序号 | 登录号 | 条形码 | 馆藏地/架位号 | 状态 | 备注 |
| 1 | 492025 | 204920256 | 文学库108/ [索取号:I25/J240] | 在馆 | |
| 2 | 492026 | 204920265 | 文学库108/ [索取号:I25/J240] | 在馆 | |
| 3 | 492027 | 204920274 | 文学库108/ [索取号:I25/J240] | 在馆 |